Statistics for 90s babies - Popular Girl Names (2 min)

Click here to take the quiz!

General Stats

  • This quiz has been taken 153 times
  • The average score is 9 of 25

Answer Stats

HintAnswer% Correct
03Emily
66%
04Sarah
64%
01Jessica
63%
16Jennifer
61%
08Elizabeth
57%
11Hannah
49%
15Rachel
41%
02Ashley
39%
06Amanda
37%
07Brittany
34%
13Lauren
34%
10Megan
34%
17Nicole
34%
05Samantha
33%
23Rebecca
31%
14Stephanie
30%
19Victoria
29%
09Taylor
26%
20Amber
19%
24Danielle
19%
18Alexis
17%
21Alyssa
15%
22Courtney
14%
12Kayla
14%
25Jasmine
9%

Score Distribution

Percentile by Number Answered

Percent of People with Each Score

Your Score History

You have not taken this quiz